Excel phổ thông

Guardat en:
Dades bibliogràfiques
Autor principal: VN-Guide
Format: Llibre
Idioma:Undetermined
Publicat: H. Thống Kê 2002
Matèries:
Etiquetes: Afegir etiqueta
Sense etiquetes, Sigues el primer a etiquetar aquest registre!
Thư viện lưu trữ: Trung tâm Học liệu Trường Đại học Cần Thơ
LEADER 00430nam a2200169Ia 4500
001 CTU_52225
008 210402s9999 xx 000 0 und d
082 |a 005.3 
082 |b V308 
100 |a VN-Guide 
245 0 |a Excel phổ thông 
245 0 |c VN-Guide 
260 |a H. 
260 |b Thống Kê 
260 |c 2002 
650 |a excel ( computer programs ) 
980 |a Trung tâm Học liệu Trường Đại học Cần Thơ